000 00282nam a2200121 a 4500
008 101025s2009|||| d
100 1 _aWeinerová, Jennifer
245 1 0 _aHriechy minulosti
260 _bIkar
_aBratislava
_c2009
041 _aslo
020 _c9,90
044 _axo
_cSK
999 _c12162
_d12162